LEADER 01968oas 2200817 a 450 001 9910145660403321 005 20260218110424.0 011 $a1687-9392 035 $a(OCoLC)321528439 035 $a(CONSER) 2010256063 035 $a(CKB)1000000000714450 035 $a(TW-Airiti)jkey=P20150804003 035 $a(TW-Airiti)P20150804003 035 $a(MiAaPQ)426327 035 $a(DE-599)ZDB2583298-0 035 $a(DE-599)2583298-0 035 $a(EXLCZ)991000000000714450 100 $a20081027a20099999 uy a 101 0 $aeng 135 $aurmn||||||||| 181 $ctxt$2rdacontent 182 $cc$2rdamedia 183 $acr$2rdacarrier 200 00$aInternational journal of optics 210 $aNew York, NY $cHindawi Pub. Corp 210 21$a[London] :$cHindawi 210 31$a[Hoboken, NJ] :$cJohn Wiley & Sons Ltd. 300 $aRefereed/Peer-reviewed 311 08$a1687-9384 517 3 $aIJO 531 0 $aInt. j. opt. 606 $aOptics$vPeriodicals 606 $aOptics and Photonics 606 $aOptics$2fast$3(OCoLC)fst01046845 606 $aOptique$vPe?riodiques 608 $aPeriodicals.$2fast 615 0$aOptics 615 12$aOptics and Photonics. 615 7$aOptics. 615 6$aOptique 676 $a535 712 02$aHindawi Publishing Corporation 801 0$bHUA 801 1$bHUA 801 2$bUV0 801 2$bRBN 801 2$bHEBIS 801 2$bOCLCQ 801 2$bCUS 801 2$bOCLCQ 801 2$bOCLCF 801 2$bOCLCO 801 2$bOCLCQ 801 2$bDLC 801 2$bUKMGB 801 2$bVT2 801 2$bAU@ 801 2$bBWN 801 2$bOCLCQ 801 2$bIOY 801 2$bDLC 801 2$bOCLCL 801 2$bCASUM 801 2$bLND 801 2$bLIP 801 2$bXFH 801 2$bYOU 906 $aJOURNAL 912 $a9910145660403321 996 $aInternational journal of optics$92313424 997 $aUNINA